000 00379nam a22001577a 4500
003 MPLRDC
005 20220104114745.0
008 210129b ||||| |||| 00| 0 eng d
082 _a192.15 XLY c.3
100 _a谢理雅
245 _a写给少女
_c蔡书绅译述
260 _a
_b南洋时兆馆
_c
300 _b
650 _a修身--女性
942 _cBK
_o192.15 XLY c.3
999 _c9984
_d9974